Aristophane
Gespeichert in:
| Format: | Buch |
|---|---|
| Sprache: | Französisch Griechisch |
| Veröffentlicht: |
París
Les Belles Lettres
1923
|
| Schriftenreihe: | Collection des Universités de France
|
| Schlagworte: | |
| Tags: |
Tag hinzufügen
Keine Tags, Fügen Sie den ersten Tag hinzu!
|
MARC
| LEADER | 00000nam a2200000 a 4500 | ||
|---|---|---|---|
| 001 | UCO5782 | ||
| 003 | CL-VaPUC | ||
| 008 | 000915e19230000FR |||||||||||||||||fre|d | ||
| 041 | 0 | 7 | |a fre |2 CL-VaPUC |
| 041 | 0 | 7 | |a gre |2 CL-VaPUC |
| 082 | 0 | 4 | |a 882 |b ARI |2 21 |
| 245 | 1 | 0 | |a Aristophane |
| 300 | |a v | ||
| 942 | |c BK | ||
| 945 | |d 20000915 00:00:00 |a crobeson | ||
| 260 | |a París |b Les Belles Lettres |c 1923 | ||
| 500 | |a v.1: Les acharniens; les cavaliers; les nuées | ||
| 500 | |a v.2: Les guêpes; la paix | ||
| 500 | |a v.4: Les thesmophories; les grenoullies | ||
| 500 | |a v.5: L'assemblée des femmes; Ploutos | ||
| 600 | 0 | |a Aristófanes |e autor |9 341314 | |
| 650 | 0 | |a Comedias griegas |9 265641 | |
| 650 | 7 | |a TEATRO GRIEGO |2 CL-VaPUC |9 450603 | |
| 650 | 7 | |a LITERATURA GRIEGA |2 CL-VaPUC |9 258054 | |
| 583 | |a last modification |c 20000915 00:00:00 |k Rodrigo Vera | ||
| 490 | 0 | |a Collection des Universités de France | |
| 999 | |c 291612 |d 291610 | ||
| 952 | |0 0 |1 0 |4 0 |6 882_000000000000000_ARI_1923 |7 0 |8 X |9 341592 |a BIBART |b BIBART |d 2019-11-20 |h v.1 |i 1222600 |o 882 ARI 1923 |p 1222600 |r 2025-03-13 |w 2019-11-20 |y BK_X |k ART | ||
| 952 | |0 0 |1 0 |4 0 |6 882_000000000000000_ARI_1923 |7 0 |8 X |9 341593 |a BIBART |b BIBART |d 2019-11-20 |h v.2 |i 1222619 |o 882 ARI 1923 |p 1222619 |r 2025-03-13 |w 2019-11-20 |y BK_X |k ART | ||
| 952 | |0 0 |1 0 |4 0 |6 882_000000000000000_ARI_1923 |7 0 |8 X |9 341594 |a BIBART |b BIBART |d 2019-11-20 |h v.4 |i 1222627 |o 882 ARI 1923 |p 1222627 |r 2025-03-13 |w 2019-11-20 |y BK_X |k ART | ||
| 952 | |0 0 |1 0 |4 0 |6 882_000000000000000_ARI_1923 |7 0 |8 X |9 341595 |a BIBART |b BIBART |d 2019-11-20 |h v.5 |i 1222635 |o 882 ARI 1923 |p 1222635 |r 2025-03-13 |w 2019-11-20 |y BK_X |k ART | ||